Statistics for 10 Biggest Urban Areas by U.S State

Click here to take the quiz!

General Stats

  • This quiz has been taken 435 times
    (145 since last reset)
  • The average score is 228 of 493

Answer Stats

TextHintAnswer% Correct
Louisiana914,531New Orleans
93%
Alabama774,956Birmingham
92%
Ohio1,567,254Columbus
92%
Mississippi26,895Columbus
92%
Nebraska24,838Columbus
92%
Georgia267,746Columbus
92%
Alaska249,252Anchorage
91%
Alaska29,561Anchorage Northeast
91%
Louisiana631,326Baton Rouge
91%
Tennessee73,918Cleveland
91%
Ohio1,712,178Cleveland
91%
Alabama321,907Mobile
91%
Arizona3,976,313Phoenix
91%
Maine205,356Portland
91%
Oregon2,104,238Portland
91%
Ohio1,686,744Cincinnati
90%
Alaska24,756Juneau
90%
Oklahoma982,276Oklahoma City
90%
Maryland2,212,038Baltimore
89%
California3,269,385San Francisco
89%
Texas5,732,354Dallas-Fort Worth
88%
Texas5,853,575Houston
88%
Tennessee72,809Jackson
88%
Mississippi347,693Jackson
88%
Wyoming10,760Jackson
88%
Colorado96,485Lafayette-Erie-Louisville
88%
California12,237,376Los Angeles
88%
California3,070,300San Diego
88%
Arizona875,441Tucson
88%
Texas1,809,888Austin
87%
Minnesota25,479Austin
87%
West Virginia140,958Charleston
87%
South Carolina684,773Charleston
87%
Rhode Island4,348Charlestown
87%
Nevada2,196,623Las Vegas-Henderson
87%
Arkansas461,864Little Rock
87%
Florida6,077,522Miami-Fort Lauderdale
87%
Alabama254,348Montgomery
87%
Pennsylvania5,696,125Philadelphia
87%
Massachusetts4,382,009Boston
86%
Colorado2,686,147Denver
86%
Michigan3,776,890Detroit
86%
Tennessee1,056,190Memphis
86%
Minnesota2,914,866Minneapolis-St. Paul
86%
Tennessee1,158,642Nashville
86%
Utah1,178,533Salt Lake City
86%
Texas1,992,689San Antonio
86%
Washington3,544,011Seattle-Tacoma
86%
Maine24,005Augusta
85%
Georgia431,480Augusta
85%
Idaho433,180Boise-Meridian
85%
North Carolina1,379,873Charlotte
85%
Colorado632,494Colorado Springs
85%
Iowa542,486Des Moines
85%
New Hampshire72,391Dover-Rochester
85%
Florida1,247,374Jacksonville
85%
Wisconsin1,306,795Milwaukee
85%
Pennsylvania1,745,039Pittsburgh
85%
California1,946,618Sacramento
85%
Florida2,783,045Tampa-St. Petersburg
85%
Oklahoma722,810Tulsa
85%
North Carolina420,924Winston-Salem
85%
Illinois8,671,746Chicago
84%
Ohio674,046Dayton
84%
Hawaii853,252Honolulu
84%
New York19,426,449New York
84%
Illinois261,835Northwest Chicago
84%
Nebraska819,508Omaha
84%
Florida1,853,896Orlando
84%
New York704,327Rochester
84%
Minnesota121,587Rochester
84%
Oregon268,331Salem
84%
California1,837,446San Jose
84%
Missouri2,156,323St. Louis
84%
New Mexico769,837Albuquerque
83%
Georgia4,999,259Atlanta
83%
Texas854,584El Paso
83%
Alaska71,396Fairbanks
83%
Indiana1,699,881Indianapolis
83%
Missouri1,674,218Kansas City
83%
Wisconsin450,305Madison
83%
Massachusetts442,145Springfield
83%
Missouri282,651Springfield
83%
Illinois159,265Springfield
83%
Vermont5,140Springfield
83%
Virginia1,451,578Virginia Beach-Norfolk
83%
Montana128,787Billings
82%
New York948,864Buffalo
82%
Wyoming79,250Cheyenne
82%
Connecticut977,158Hartford
82%
Alabama329,066Huntsville
82%
Rhode Island1,285,806Providence
82%
North Carolina1,106,646Raleigh
82%
Nevada446,529Reno-Sparks
82%
Washington447,279Spokane
82%
Michigan605,666Grand Rapids
81%
Tennessee597,257Knoxville
81%
Kentucky315,631Lexington-Fayette
81%
Kentucky974,397Louisville
81%
South Dakota194,283Sioux Falls
81%
Ohio497,952Toledo
81%
Ohio541,879Akron
80%
South Carolina590,407Columbia
80%
Missouri141,831Columbia
80%
Delaware123,101Dover
80%
Virginia1,059,150Richmond
80%
Kentucky42,999Richmond
80%
Kansas500,231Wichita
80%
New York593,142Albany-Schenectady
79%
North Dakota216,214Fargo
79%
California717,589Fresno
79%
Michigan318,300Lansing
79%
Nebraska291,217Lincoln
79%
New Hampshire163,289Manchester
79%
New Mexico94,241Santa Fe
79%
Vermont20,014Barre-Montpelier
78%
Iowa28,447Burlington
78%
Vermont118,032Burlington
78%
Connecticut561,456New Haven
78%
Utah588,609Provo-Orem
78%
Louisiana288,052Shreveport-Bossier City
78%
North Carolina255,329Wilmington
78%
Georgia85,960Albany
77%
Oregon62,074Albany
77%
North Carolina278,612Concord
77%
New Hampshire42,549Concord
77%
California538,583Concord-Walnut Creek
77%
Oregon270,179Eugene
77%
California2,276,703Riverside-San Bernardino
77%
Connecticut916,408Bridgeport-Stamford
76%
New York413,660Syracuse
76%
Nevada61,629Carson City
75%
New Jersey370,422Trenton
75%
California570,235Bakersfield
74%
Wisconsin224,156Green Bay
74%
Pennsylvania490,859Harrisburg
74%
Indiana157,100Lafayette
74%
Louisiana227,316Lafayette
74%
Georgia309,466Savannah
74%
Kansas148,956Topeka
74%
North Dakota98,198Bismarck
73%
Texas339,066Corpus Christi
73%
North Carolina338,928Greensboro
73%
Montana52,380Helena
73%
Washington208,157Olympia-Lacey
73%
Massachusetts482,085Worcester
73%
Tennessee398,569Chattanooga
72%
Minnesota119,411Duluth
72%
Arkansas373,687Fayetteville-Springdale
72%
Arizona79,842Flagstaff
72%
Utah608,857Ogden-Layton
72%
South Dakota14,755Pierre
72%
Michigan317,689Ann Arbor
71%
Maine61,539Bangor
70%
North Carolina325,008Fayetteville
70%
Pennsylvania621,703Allentown-Bethlehem
69%
Colorado120,828Boulder
69%
Indiana335,934Fort Wayne
69%
New Hampshire12,117Durham
68%
North Carolina396,118Durham
68%
Alabama156,450Tuscaloosa
68%
Florida599,242Cape Coral-Fort Myers
67%
Pennsylvania187,820Erie
67%
Mississippi236,344Gulfport-Biloxi
67%
Idaho105,132Idaho Falls
67%
Hawaii41,410Hilo
66%
New Mexico139,338Las Cruces
65%
Pennsylvania366,713Scranton
65%
Iowa113,066Sioux City
65%
Indiana278,921South Bend
65%
Wyoming67,751Casper
64%
Iowa192,844Cedar Rapids
64%
Texas779,553McAllen
64%
Iowa285,211Davenport
63%
Mississippi29,267Greenville
63%
Oregon106,988Bend
62%
Michigan298,964Flint
62%
South Carolina387,271Greenville
62%
Montana88,109Missoula
62%
Colorado326,332Fort Collins
61%
Georgia140,111Macon
61%
Colorado120,642Pueblo
61%
New Jersey294,921Atlantic City-Ocean City-Villas
60%
Ohio320,901Youngstown
60%
Georgia143,213Athens
59%
Virginia217,312Roanoke
59%
Iowa126,810Iowa City
58%
Missouri50,775Jefferson City
58%
Oklahoma120,191Norman
58%
Arizona135,717Yuma
58%
Montana59,080Bozeman
57%
Illinois259,781Peoria
57%
Illinois276,443Rockford
57%
Wisconsin125,865Kenosha
55%
Idaho54,798Lewiston
55%
Maine60,743Lewiston
55%
New Hampshire242,984Nashua
55%
Kentucky97,814Bowling Green
54%
South Carolina298,954Myrtle Beach
54%
South Dakota85,679Rapid City
54%
Utah134,109St. George
54%
Illinois134,100Bloomington-Normal
53%
Montana30,258Butte-Silver Bow
53%
Montana67,097Great Falls
53%
Colorado135,973Grand Junction
52%
Pennsylvania394,530Lancaster-Manheim
52%
West Virginia77,620Morgantown
52%
Louisiana78,305Alexandria
51%
Alabama100,842Auburn
51%
Indiana206,855Evansville
51%
Georgia265,218Gainesville
51%
Indiana110,103Bloomington
50%
Illinois147,452Champaign-Urbana
50%
Wisconsin105,475Eau Claire
50%
Maryland176,456Frederick
50%
Louisiana162,501Lake Charles
50%
Idaho177,561Nampa-Caldwell
50%
New York119,059Utica
50%
Ohio295,319Canton
49%
Idaho121,831Coeur d'Alene
49%
Arkansas125,811Fort Smith
49%
Kentucky37,844Frankfort
49%
North Dakota68,160Grand Forks
49%
Michigan204,562Kalamazoo
49%
Alaska7,668Sitka
49%
West Virginia200,157Huntington
48%
New York314,766Poughkeepsie-Newburgh
48%
Pennsylvania238,549York
48%
North Carolina285,776Asheville
47%
Florida418,404Kissimmee-St. Cloud
47%
Florida510,675Palm Bay-Melbourne
47%
Pennsylvania276,278Reading
47%
Washington133,145Yakima
47%
Washington128,979Bellingham
46%
Tennessee200,947Clarksville
46%
Louisiana119,964Monroe
46%
Florida437,745Port St. Lucie
46%
Wyoming32,261Laramie
45%
Kansas94,998Lawrence
45%
Illinois86,287Decatur
44%
Idaho72,211Pocatello
44%
Wisconsin230,967Appleton
43%
Massachusetts303,269Barnstable Town
43%
Virginia104,191Charlottesville
43%
Nevada21,695Elko
43%
Wisconsin76,190Oshkosh
43%
Wisconsin134,877Racine
43%
New Mexico48,831Roswell
43%
West Virginia57,695Wheeling
43%
Maryland214,647Bel Air-Aberdeen
42%
Alaska11,975Ketchikan
42%
Tennessee177,313Murfreesboro
42%
Minnesota117,638St. Cloud
42%
Idaho58,808Twin Falls
42%
Florida779,075Sarasota
41%
Kentucky36,861London-Corbin
40%
Oregon171,640Medford
40%
New Hampshire95,090Portsmouth
40%
South Carolina196,943Spartanburg
40%
New York155,942Binghamton
39%
Alabama78,925Florence
39%
South Carolina89,436Florence
39%
Missouri86,679Joplin
39%
Nebraska27,407Norfolk
39%
Alaska53,444Wasilla
39%
Iowa70,332Dubuque
38%
Nebraska55,099Grand Island
38%
North Dakota50,925Minot
38%
South Dakota27,982Aberdeen
37%
Iowa66,342Ames
37%
Washington255,401Kennewick-Richland-Pasco
37%
Mississippi33,809Meridian
37%
Connecticut167,432Norwich-New London
37%
Mississippi40,233Tupelo
37%
New Mexico51,763Farmington
36%
Missouri32,804Farmington
36%
Wyoming34,422Gillette
36%
Maryland197,557Hagerstown
36%
Virginia125,596Lynchburg
36%
Michigan116,058Saginaw
36%
Maryland78,075Salisbury
36%
Connecticut199,317Waterbury
36%
Arizona59,017Lake Havasu City
35%
Kansas60,454Manhattan
35%
Massachusetts155,491New Bedford
35%
Arkansas46,683Pine Bluff
35%
Arizona92,427Prescott
35%
South Dakota20,643Watertown
35%
South Carolina118,369Anderson-Clemson
34%
Mississippi80,821Hattiesburg
34%
Utah113,927Logan
34%
Connecticut171,680Danbury
33%
Alabama72,423Dothan
33%
Arkansas59,133Hot Springs
33%
Wisconsin98,872La Crosse
33%
Missouri77,187St. Joseph
33%
Alaska5,097Bethel
32%
Virginia72,400Blacksburg-Christiansburg
32%
Texas429,461Denton-Lewisville
32%
Kansas27,702Dodge City
32%
Wyoming11,416Evanston
32%
Tennessee128,519Johnson City
32%
Arkansas73,781Jonesboro
32%
Mississippi33,518Oxford
32%
Colorado137,222Greeley
31%
Kentucky76,433Owensboro
31%
Massachusetts90,570Amherst-Northampton
30%
Virginia167,679Fredericksburg
30%
Texas504,803McKinney-Frisco
30%
Vermont19,550Rutland
30%
Iowa114,139Waterloo
30%
Arkansas66,619Conway
29%
New Jersey28,250Hamburg-Vernon
29%
South Carolina71,824Hilton Head Island
29%
Oregon66,791Corvallis
28%
Oklahoma50,194Enid
28%
Pennsylvania83,674State College
28%
Georgia76,769Valdosta
28%
Indiana84,382Muncie
27%
Kansas46,547Salina
27%
Virginia73,377Harrisonburg
26%
Michigan166,414Muskegon-Norton Shores
26%
Nebraska23,582North Platte
26%
Massachusetts50,720Pittsfield
26%
Oklahoma87,464Lawton
25%
Maryland37,946Ocean Pines-Ocean City
25%
West Virginia62,500Parkersburg
25%
South Dakota23,674Brookings
24%
Missouri55,546Cape Girardeau
24%
Nebraska28,292Fremont
24%
Arizona419,946Goodyear-Avondale
24%
Louisiana145,482Houma
24%
Hawaii118,092Kailua-Kaneohe
24%
Tennessee98,411Kingsport
24%
Alaska9,530Kodiak-Mill Bay
24%
New Hampshire30,299Lebanon
24%
Nevada19,206Mesquite
24%
Indiana79,862Terre Haute
24%
New Jersey87,226Vineland
24%
Hawaii33,024Kailua-Holualoa
23%
Delaware39,681Lewes-Rehoboth Beach
23%
Delaware41,851Middletown
23%
Ohio93,608Middletown
23%
Virginia89,585Williamsburg
23%
Indiana79,517Anderson
22%
North Dakota15,207Jamestown
22%
Minnesota31,474Stillwater
22%
Oklahoma48,237Stillwater
22%
Maine31,361Brunswick
21%
Michigan107,034Holland
21%
Hawaii57,905Kahului-Wailuku
21%
Montana36,131Kalispell
21%
Nebraska34,526Kearney
21%
Alaska8,642Kenai
21%
Missouri91,960Lee's Summit
21%
Louisiana113,763Mandeville-Covington
21%
Idaho25,914Moscow
21%
Oklahoma35,798Muskogee
21%
Kentucky50,833Paducah
21%
South Carolina218,443Rock Hill
21%
Wyoming25,853Rock Springs
21%
Delaware29,147Seaford-Laurel-Bridgeville
21%
Wyoming19,430Sheridan
21%
Maryland118,601Waldorf-St. Charles
21%
Wisconsin77,429Wausau
21%
Virginia83,377Winchester
21%
Oregon55,724Grants Pass
20%
Minnesota60,206Mankato
20%
Arizona57,771Maricopa
20%
Nebraska25,104Scottsbluff
20%
Georgia141,132Warner Robins
20%
West Virginia57,468Beckley
19%
New Mexico34,442Carlsbad
19%
New Mexico39,314Clovis
19%
Oklahoma34,245Shawnee
19%
Arizona54,274Sierra Vista
19%
Vermont10,285Brattleboro
18%
Maryland46,296Cumberland
18%
Kentucky76,441Elizabethtown-Radcliff
18%
Indiana148,199Elkhart
18%
Ohio199,067Lorain-Elyria
18%
Delaware17,754Milford
18%
Texas402,454The Woodlands-Conroe
18%
North Dakota29,510Williston
18%
Washington224,449Bremerton
17%
Delaware9,921Georgetown
17%
Kentucky38,912Georgetown
17%
Illinois66,530Kankakee
17%
New Hampshire22,687Keene
17%
Washington69,841Longview
17%
New York75,684Saratoga Springs
17%
New Mexico30,801Alamogordo
16%
Utah40,899Cedar City
16%
Oregon43,208Klamath Falls-Altamont
16%
South Dakota15,690Mitchell
16%
Louisiana91,587Slidell
16%
Maine25,529Waterville
16%
South Dakota16,022Yankton
16%
Montana9,826Havre
15%
New Mexico44,157Hobbs
15%
Massachusetts111,790Leominster-Fitchburg
15%
Maryland62,352Lexington Park-California
15%
Washington78,142Wenatchee
15%
Nevada54,396Bullhead City
14%
Arizona54,396Bullhead City
14%
North Dakota25,674Dickinson
14%
South Dakota14,294Huron
14%
Maine15,067Sanford
14%
Rhode Island30,955Westerly
14%
Vermont13,759Bennington
13%
West Virginia32,882Clarksburg
13%
Iowa31,126Clinton-Fulton
13%
Wyoming11,873Green River
13%
Colorado100,776Longmont
13%
Washington160,440Marysville
13%
California646,843Mission Viejo
13%
Vermont11,368St. Albans
13%
Nebraska24,807Hastings
12%
North Carolina201,511Hickory
12%
Hawaii21,398Lahaina
12%
Vermont6,154Middlebury
12%
Idaho41,330Rexburg
12%
South Dakota13,206Spearfish
12%
Mississippi32,812Starkville
12%
Kansas47,570Leavenworth
11%
Oregon43,484Roseburg
11%
Vermont4,883St. Johnsbury
11%
Colorado85,350Castle Rock
10%
New Jersey16,136Clinton
10%
Hawaii15,885Lihue
10%
Nevada37,498Pahrump
10%
Illinois79,260Alton
9%
North Dakota7,493Devils Lake
9%
West Virginia31,694Fairmont
9%
Nevada19,233Fernley
9%
New Mexico53,365Los Lunas
9%
Wyoming11,234Riverton
9%
Michigan145,963South Lyon-Hamburg-Genoa
9%
Maryland40,040Westminster
9%
Montana18,534Belgrade
8%
Kansas30,976Garden City
8%
Kansas42,475Hutchinson
8%
New Hampshire27,267Laconia
8%
Montana9,350Livingston
8%
Maine9,868Rockland
8%
Connecticut35,212Torrington
8%
North Dakota11,290Wahpeton
8%
Minnesota29,633Winona
8%
Oklahoma39,479Bartlesville
7%
West Virginia40,750Bluefield
7%
Utah25,827Brigham City
7%
New Hampshire16,165Exeter
7%
Massachusetts22,294Greenfield
7%
Kansas40,723Junction City
7%
Hawaii26,878Kihei
7%
Vermont6,417Milton
7%
Mississippi51,454Pascagoula-Goutier
7%
West Virginia21,569Ranson-Charles Town
7%
Arkansas31,870Russellville
7%
North Dakota6,687Watford City
7%
Utah25,059Heber
6%
Hawaii18,212Kapaa
6%
New York71,582Kiryas Joel
6%
South Carolina159,506Mauldin-Simpsonville
6%
Delaware9,844Millsboro
6%
Massachusetts25,432North Adams
6%
Arkansas25,089Paragould
6%
Florida425,675Bonita Springs-Estero
5%
New Jersey35,666Bridgeton
5%
Oklahoma25,415Claremore
5%
New Jersey24,401Flemington-Raritan
5%
Nevada19,441Incline Village
5%
Minnesota26,278Owatonna
5%
Maine5,585Rumford
5%
Minnesota24,013Faribault
4%
Arkansas26,652Searcy
4%
Utah34,892Tooele
4%
Connecticut24,332Willimantic
4%
Utah31,132Payson-Santaquin
3%
Connecticut34,582Putnam-Killingly
3%
Alabama78,302Anniston-Oxford
2%
Nevada21,338Gardnerville
2%
Idaho23,565Kuna
2%
Delaware20,169Long Neck
2%
New Jersey23,074Mystic Island-Little Egg Harbor
2%
Delaware18,025Ocean View
2%
Hawaii23,305Pukalani
2%
Connecticut25,683Ridgefield
2%
New Jersey17,659West Milford-Hewitt
2%
New Jersey27,234Browns Mills
1%
Alabama76,807Fairhope-Daphne
1%
Delaware4,943Harrington
1%
Maine10,271North Windham
1%

Score Distribution

Percentile by Number Answered

Percent of People with Each Score

Your Score History

You have not taken this quiz since the last reset